Modern algebra / (Record no. 9160)
[ view plain ]
| 000 -LEADER | |
|---|---|
| fixed length control field | 00478cam a2200193ua 4500 |
| 041 ## - LANGUAGE CODE | |
| Language code of text/sound track or separate title | eng |
| 082 ## - DEWEY DECIMAL CLASSIFICATION NUMBER | |
| Classification number | 512 |
| Item number | SUR/MO |
| 100 ## - MAIN ENTRY--AUTHOR NAME | |
| Personal name | Surjeet, Singh . |
| 245 ## - TITLE STATEMENT | |
| Title | Modern algebra / |
| 260 ## - PUBLICATION, DISTRIBUTION, ETC. (IMPRINT) | |
| Place of publication | New Delhi : |
| Name of publisher | Vikas publishing house pvt ltd , |
| Year of publication | 1972. |
| 300 ## - PHYSICAL DESCRIPTION | |
| Number of Pages | 511 ; . |
| 650 ## - SUBJECT ADDED ENTRY--TOPICAL TERM | |
| Topical Term | Algebra |
| 700 1# - ADDED ENTRY--PERSONAL NAME | |
| Personal name | Zameeruddin, Qazi . |
| 942 ## - ADDED ENTRY ELEMENTS (KOHA) | |
| Koha item type | Books |
| Withdrawn status | Lost status | Damaged status | Home library | Current library | Date acquired | Full call number | Accession Number | Koha item type |
|---|---|---|---|---|---|---|---|---|
| KAUAET | KAUAET | 07/04/2012 | 512 | 20119 | Books |
